| 000 | 00779nam a2200241 a 4500 | ||
|---|---|---|---|
| 001 | 000011236 | ||
| 005 | 20240412074224.0 | ||
| 008 | 091015s2006 dr 001 p spa d | ||
| 020 | _a9945427024 | ||
| 040 |
_aDO-SdBNP _bspa _cBNPHU |
||
| 082 |
_aRD861.44 _bV182s |
||
| 100 | 1 |
_aVallejo, Osiris, _d1971- _926801 |
|
| 245 | 1 | 0 |
_aSaint Domingue, 2044 / _cOsiris Vallejo. |
| 260 |
_aSanto Domingo : _bSecretarÃa de Estado de Cultura: _bEditora Nacional, _c2006. |
||
| 300 |
_a85 p. ; _c23 cm. |
||
| 490 | 1 | _aUltramar | |
| 586 | _aPremio Concurso Literario. Letras de Ultramar, 2005 | ||
| 590 | _aInventariado, 2019/LP | ||
| 650 | 0 |
_aPoesÃa dominicana _966 |
|
| 650 | 0 |
_aLiteratura dominicana. _967 |
|
| 830 | 0 |
_aUltramar _91892 |
|
| 910 | _aValidado. Control de calidad BNPHU. | ||
| 999 |
_c10955 _d10955 |
||